| 000 | 00350nam a2200133 a 4500 | ||
|---|---|---|---|
| 001 | 5519 | ||
| 003 | CDMR | ||
| 005 | 20130116135309.0 | ||
| 008 | 130130s1993||||||||||||||||||||||||||||d | ||
| 040 |
_aCDMR _bcat _cCPC GIRONA |
||
| 245 | 0 |
_aRepertori bibliogrà fic de revistes, diaris i publicacions _cVaris |
|
| 260 |
_c1993 _bBibl. Josep TarÃn |
||
| 942 | _cMON | ||
| 999 |
_c5519 _d5519 |
||